Listy sociální práce : informační a odborný časopis (nejen) pro sociální pracovníky
Record details
- ISSN: 2336-2332
- Physical Description: ^^^sv. ; 30 cm
- Publisher: Tábor : Asociace poskytovatelů sociálních služeb České republiky, 2013-
Search for related items by subject
| Subject: | sociální práce sociální služby |
| Genre: | odborné časopisy |
Available copies
- 32 of 32 copies available at Common Catalog SPOK.
Holds
- 0 current holds with 32 total copies.
Show All Copies
| Location | Call Number / Copy Notes | Barcode | Shelving Location | Status | Due Date |
|---|---|---|---|---|---|
| Jabok Library | PER LiSPr 2014/1 | 424480034863 | Periodika | Available | - |
| Jabok Library | PER LiSPr 2014/2 | 424480035581 | Periodika | Available | - |
| Jabok Library | PER LiSPr 2015/3 | 424480036255 | Periodika | Available | - |
| Jabok Library | PER LiSPr 2015/4 | 424480037327 | Periodika | Available | - |
| Jabok Library | PER LiSPr 2016/5 | 424480038064 | Periodika | Available | - |
| Jabok Library | PER LiSPr 2016/6 | 424480038366 | Periodika | Available | - |
| Jabok Library | PER LiSPr 2016/7 | 424480038778 | Periodika | Available | - |
| Jabok Library | PER LiSPr 2016/8 | 424480038944 | Periodika | Available | - |
| Jabok Library | PER LiSPr 2017/10 | 424480039675 | Periodika | Available | - |
| Jabok Library | PER LiSPr 2017/11 | 424480039908 | Periodika | Available | - |
Electronic resources
Version of Resource: Obsahy
| LDR | 01257nas a2200349 a 4500 | ||
|---|---|---|---|
| 001 | 18189 | ||
| 003 | CZ-PrJAB | ||
| 005 | 20180207094221.0 | ||
| 008 | 131206c20139999xr fr p 0 b0cze | ||
| 015 | . | ‡acnb002529390 | |
| 022 | . | ‡a2336-2332 | |
| 035 | . | ‡a(CZ PrNK)cps20132529390 | |
| 040 | . | ‡aABA001 ‡bcze | |
| 072 | 7. | ‡a364-1/-7 ‡xDruhy sociální pomoci a služeb ‡2Konspekt ‡918 | |
| 080 | . | ‡a050 ‡2MRF-sel | |
| 080 | . | ‡a364 ‡2MRF-sel | |
| 210 | 0 | . | ‡aListy soc. pr. |
| 222 | 0. | ‡aListy sociální práce | |
| 245 | 0 | 0. | ‡aListy sociální práce : ‡binformační a odborný časopis (nejen) pro sociální pracovníky |
| 246 | 3 | . | ‡aSociální listy |
| 260 | . | ‡aTábor : ‡bAsociace poskytovatelů sociálních služeb České republiky, ‡c2013- | |
| 300 | . | ‡a^^^sv. ; ‡c30 cm | |
| 310 | . | ‡a2x ročně | |
| 362 | 0 | . | ‡aRoč. 1, č. 0 (podzim 2013)- |
| 650 | 0 | 7. | ‡asociální práce ‡7ph125805 ‡2czenas |
| 650 | 0 | 7. | ‡asociální služby ‡7ph125812 ‡2czenas |
| 655 | 7. | ‡aodborné časopisy ‡7fd132951 ‡2czenas | |
| 856 | 4 | 1. | ‡yObsahy ‡uhttp://www.listysp.cz/cz/ukazky/obsahy |
| 910 | . | ‡aABG312 | |
| 970 | . | ‡nAsociace poskytovatelů sociálních služeb České republiky, o.s. ‡aVančurova 2904. 390 01 Tábor ‡e381 213 332 ‡xsefredaktor@apsscr.cz | |
| 901 | . | ‡a18189 ‡b ‡c18189 ‡tbiblio | |